00756nas a2200217Ia 4500001001100000003000900011008004100020040001300061040001300074041001300087100004700100210003700147222003700184245010700221250001100328260002600339501008600365300001700451362002700468650004300495R111/44667IT-RoPAU151124c99999999xx |||||||||||| ||und|| aIT-RoPAU cIT-RoPAU aITALIANO aMontezemolo LucagCodice Aut. SPICS: 30344 aCOMUNICAZIONE DI MASSA (SUGARCO) aComunicazione Di Massa (Sugarco) aCOMUNICAZIONE DI MASSA (SUGARCO), ANNO 03-VOL.2 (1982)bSponsor Culturale: Un'Occasione Da Non Perdere a1a ed. aMILANObSUGARCOc1982 bPaulus - SPICS - Società San Paolo EM (non-commercial uses only)cCopyright2015 a4 p. [25-28] aANNO 003, VOL.2 (1982) aCOMUNICAZIONEvPUBBLICAZIONE PERIODICA